Hacia una estrategia de inversión y crédito para proyectos de interés social en Centroamérica /

Wedi'i Gadw mewn:
Manylion Llyfryddiaeth
Awduron Corfforaethol: BCIE, PNUD
Fformat: Texto
Cyhoeddwyd: Tegucigalpa: BCIE
Tagiau: Ychwanegu Tag
Dim Tagiau, Byddwch y cyntaf i dagio'r cofnod hwn!

MARC

LEADER 00000 a a2200000 04500
001 21509
003
040
090 |a 095100  
110 |a BCIE  
245 |a Hacia una estrategia de inversión y crédito para proyectos de interés social en Centroamérica /  |c BCIE  
260 |a Tegucigalpa:   |b BCIE  
300 |a 31 p.  
710 |a PNUD  
999 |c 15412  |d 15412